A concept of generalized order statistics /
Guardado en:
| Autor Principal: | |
|---|---|
| Formato: | Libro |
| Idioma: | English |
| Publicado: |
Stuttgart :
B. G. Teubner,
1995.
|
| Series: | Teubner Skripten zur mathematischen Stochastik
|
| Materias: | |
| Etiquetas: |
Agregar Etiqueta
Sin Etiquetas, Sea el primero en etiquetar este registro!
|
| LEADER | 00712nam a2200217 a 4500 | ||
|---|---|---|---|
| 001 | MAT.inmabb003594 | ||
| 008 | 950606s1995####gw#a#####b####001#0#eng#d | ||
| 005 | 20130409124910.0 | ||
| 245 | 1 | 2 | |a A concept of generalized order statistics / |c von Udo Kamps. |
| 260 | |a Stuttgart : |b B. G. Teubner, |c 1995. | ||
| 300 | |a 210 p. : |b il. ; |c 24 cm. | ||
| 440 | 0 | |a Teubner Skripten zur mathematischen Stochastik | |
| 504 | |a Incluye referencias bibliográficas (p. [189]-204) e índices. | ||
| 510 | 4 | |a MR, |c 96c:62095 | |
| 020 | |a 3519027364 | ||
| 100 | 1 | |a Kamps, Udo, |d 1959- | |
| 650 | 0 | |a Order statistics. | |
| 084 | |a 62G30 |2 msc2000 | ||
| 010 | |a 95161492 | ||
| 040 | |a WaU |c WaU |d DLC | ||
| 859 | |h 62 |i K15 |p A-7685 |b BIB. MATEMATICA | ||
